000 00703nam a22002537a 4500
003 dpl
005 20180809144338.0
008 180809b xxu||||| |||| 00| 0 eng d
010 _aA-751592
020 _c0.00
035 _aA-751592
037 _bBPPD/PUB
040 _aDPL
_bEN
_c0
082 _a230.1
100 _aVerma, Pavan K.
245 _aKrishna :
_cPavan K. Verma
_bThe playful divine
260 _aNew Delhi
_bPenguin Books
_c1995
270 _a210 Chiranjiv Tower, 43 Nehru Place
_bNew Delhi
_e110019
300 _axi.;220p.
_c20cm(Hb)
500 _aIncludes index
650 _aHinduism
_991092
650 _aMahabharat
_991093
942 _2ddc
_cEN
_h230.1
_mVER
999 _c155715
_d155715